01070nas a2200241Ia 4500001001100000003000900011008004100020040001300061040001300074041001300087100003800100210003000138222003000168245011300198250001100311260004900322501008600371300002600457310001200483362003300495500026400528650003600792R031/20411IT-RoPAU151124c99999999xx |||||||||||| ||und|| aIT-RoPAU cIT-RoPAU aITALIANO aAA.VV. gCodice Aut. SPICS: 12000 aRIVISTA DEL CINEMATOGRAFO aRivista Del Cinematografo aRIVISTA DEL CINEMATOGRAFO, ANNO 27-N.04 (APRILE 1954)bRivista Del Cinematografo, Anno 27-N.04 (Aprile 1954) a1a ed. aROMAbCENTRO CATTOLICO CINEMATOGRAFICOc1954 bPaulus - SPICS - Società San Paolo EM (non-commercial uses only)cCopyright2015 a36 p., prefazione [6] aMENSILE aANNO 027, N.04 (APRILE 1954) aCinema: Dovere Ignoto Ad Altre Età. Una Cinepresa Fra gli Squali di Folcoquilici. Riflessioni su David Wark Griffith. Incontro con Giuseppe Sala Sul Centro Sperimentale di Cinematografia e Sua Attività. per una Storia della Critica: Ricciotto Canudo. Ispi aCINEMAvPUBBLICAZIONE PERIODICA